01217nam a2200373 i 450000100060000000300090000600500170001500800410003201500160007303500210008904000280011004100080013804600090014608000070015508000110016208000100017308000100018324501190019326000590031230000460037138000170041750000300043465000320046465800340049664800140053064800140054464800140055864800140057264800140058670000430060071000530064370000490069685600980074513052KOSZ 00520210203111756.0990506s1964 pl f |000 0 pol d aPB 1965/100 a(OCoLC)835928605 aWA NcWA NdKOSZ 005/EG apol k1964 a63 a338.43 a(438) a(091)00aZarys historii gospodarstwa wiejskiego w Polsce.nT. 2 /c[aut. B. Baranowski et al.] ; red. Janina Leskiewiczowa. aWarszawa :bPańst. Wydaw. Rolnicze i Leśne,c1964. a599, [3] s., 5 k. map, 2 k. pl. ;c20 cm. aKsiążki. aCałość obejmuje 3 t. 4aRolnictwozPolskay15-19 w. aGospodarka, ekonomia, finanse 4a1601-1700 4a1701-1800 4a1801-1900 4a1401-1500 4a1501-16001 aBaranowski, Bohdand(1915-1993)eAutor2 aPaństwowe Wydawnictwo Rolnicze i Leśne4pbl.1 aLeskiewiczowa, Janinad(1917-2012)eRedakcja uhttp://koha.tu.koszalin.pl/cgi-bin/koha/opac-detail.pl?biblionumber=13052yKatalog online BPK